LEADER 01100nam a2200253 i 4500 001 000000171217 003 CaOOAMICUS 005 20080429000000.0 008 080429s1971 it u000 u ita u 013 $a148647 040 $aSeMil$bita 100 1 $aDesbonnets, Théophile,$c.$0(OLS)http://semarc/name/39133 240 10$aAssise sur les pas de saint François : guide spirituel.$0(OLS)http://semarc/title/244934 245 10$aSulle strade di S. Francesco :$bguida ai luoghi francescani /$cT. Desbonnets. 260 $aMilano :$bO.R.,$c1971. 300 $a111 p., [1] c. geog. ripieg. :$bill. ;$c21 cm. 500 $aFondo Card. Giovanni Colombo. 600 04$aFrancesco : d'Assisi .$0(OLS)http://semarc/subject/1416 850 $aSeMil 852 $aSeMil$W1$xVenegono$y1$m4Y III 57$j122089$B122089$CSeMilBibl$Z2$F133983 $81 941 1 $a3 961 $aLascito: Colombo Card. Giovanni 996 $6245$aSulle strade di S. Francesco :$bguida ai luoghi francescani$9(OLS)http://semarc/title/244933 996 $6260$aMilano :$bO.R.$9(OLS)http://semarc/publisher/29789 LEADER 01305nam a2200289 4500 001 000000358462 003 CaOOAMICUS 005 20240528114409.0 008 240522s1992 it 000 u ita r 020 $a88-215-2471-X 040 $aSeMil$bita 100 1 $aCordes, Paul Josef .$0(OLS)http://semarc/name/19823 240 10$aDen geist nicht auslöschen.$0(OLS)http://semarc/title/448818 245 10$aNon estinguere lo spirito :$bcarismi e nuova evangelizzazione /$cPaul Josef Cordes. 264 1$aCinisello Balsamo :$bPaoline,$c1992. 300 $a159 p. ;$c21 cm 490 1 $aLe ragioni della speranza ;$v25 650 4$aCarismi.$0(OLS)http://semarc/subject/5606 650 4$aNuova evangelizzazione.$0(OLS)http://semarc/subject/16250 830 3$aLe ragioni della speranza ;$v25.$0(OLS)http://semarc/title/448820 850 $aSeMil 852 $aSeMil$W1$xVenegono$y1$m2B VII 114$j249064$B249569$CSeMilBibl$Z2$F249569 $81 961 $aCitrini don Tullio - Omaggio 996 $6020$a88-215-2471-X$9(OLS)http://semarc/number/300478 996 $6245$aNon estinguere lo spirito :$bcarismi e nuova evangelizzazione$9(OLS)http://semarc/title/448819 996 $6264$aCinisello Balsamo :$bPaoline$9(OLS)http://semarc/publisher/29695